Thermodynamics (Record no. 8344)

000 -LEADER
fixed length control field 00603nam a2200217 i 4500
001 - CONTROL NUMBER
control field 8344
003 - CONTROL NUMBER IDENTIFIER
control field BD-DhUET
008 - FIXED-LENGTH DATA ELEMENTS--GENERAL INFORMATION
fixed length control field 770308s1978 nyua b 001 0 eng
020 ## - INTERNATIONAL STANDARD BOOK NUMBER
International Standard Book Number 0023355301
040 ## - CATALOGING SOURCE
Original cataloging agency DLC
Transcribing agency DLC
Modifying agency BD-DhUET
082 ## - DEWEY DECIMAL CLASSIFICATION NUMBER
Classification number 621.01
Item number FAI/1970
100 ## - MAIN ENTRY--PERSONAL NAME
Personal name Faires, Virgil Moring
245 10 - TITLE STATEMENT
Title Thermodynamics
Statement of responsibility, etc. by Virgil Moring Faires and Clifford Max Simmang
250 ## - EDITION STATEMENT
Edition statement 6th ed.
260 ## - PUBLICATION, DISTRIBUTION, ETC. (IMPRINT)
Place of publication, distribution, etc. New York
Name of publisher, distributor, etc. Macmillan
Date of publication, distribution, etc. 1970
300 ## - PHYSICAL DESCRIPTION
Extent xxiii, 647 p.
Other physical details ill.
Dimensions 26 cm.
504 ## - BIBLIOGRAPHY, ETC. NOTE
Bibliography, etc Includes bibliographies
650 #0 - SUBJECT ADDED ENTRY--TOPICAL TERM
Topical term or geographic name as entry element Thermodynamics
700 ## - ADDED ENTRY--PERSONAL NAME
Personal name Simmang, Clifford Max
942 ## - ADDED ENTRY ELEMENTS (KOHA)
Koha item type General Book
Holdings
Koha full call number Not for loan Koha item type Location (home branch) Withdrawn status Damaged status Shelving location Lost status Price effective from Date acquired Source of classification or shelving scheme Copy number Koha date last seen Koha normalized classification for sorting Piece designation (barcode) Sublocation or collection (holding branch)
621.01/FAI/1978 General BookCentral Library, BUET  Circulation section 2015-01-202015-01-20 12015-01-20621_010000000000000_FAI_197842943Central Library, BUET
621.01 FAI/1970 Rental ItemCentral Library, BUET  Rental section 2024-12-111985-06-11 ৬/ক-১2024-12-11621_010000000000000_FAI_197063135Central Library, BUET
621.01 FAI/1970 Rental ItemCentral Library, BUET  Rental section 2024-12-111985-06-11 ৬/ক-২2024-12-11621_010000000000000_FAI_197063136Central Library, BUET
621.01 FAI/1970 Rental ItemCentral Library, BUET  Rental section 2024-12-111985-06-11 ৬/ক-৩2024-12-11621_010000000000000_FAI_197063137Central Library, BUET
621.01 FAI/1970 Rental ItemCentral Library, BUET  Rental section 2024-12-111985-06-11 ৬/ক-৪2024-12-11621_010000000000000_FAI_197063138Central Library, BUET
621.01 FAI/1970 Rental ItemCentral Library, BUET  Rental section 2024-12-111985-06-11 ৬/ক-৫2024-12-11621_010000000000000_FAI_197063139Central Library, BUET
621.01 FAI/1970 Rental ItemCentral Library, BUET  Rental section 2024-12-111985-06-11 ৬/ক-৬2024-12-11621_010000000000000_FAI_197063140Central Library, BUET
621.01 FAI/1970 Rental ItemCentral Library, BUET  Rental section 2024-12-111985-06-11 ৬/ক-৭2024-12-11621_010000000000000_FAI_197063141Central Library, BUET
621.01 FAI/1970 Rental ItemCentral Library, BUET  Rental section 2024-12-111985-06-11 ৬/ক-৮2024-12-11621_010000000000000_FAI_197063142Central Library, BUET
621.01 FAI/1970 Rental ItemCentral Library, BUET  Rental section 2024-12-111985-06-11 ৬/ক-৯2024-12-11621_010000000000000_FAI_197063143Central Library, BUET
621.01 FAI/1970 Rental ItemCentral Library, BUET  Rental section 2024-12-111985-06-11 ৬/ক-১০2024-12-11621_010000000000000_FAI_197063144Central Library, BUET
621.01 FAI/1970 Rental ItemCentral Library, BUET  Rental section 2024-12-111985-06-11 ৬/ক-১১2024-12-11621_010000000000000_FAI_197063145Central Library, BUET
621.01 FAI/1970 Rental ItemCentral Library, BUET  Rental section 2024-12-111985-06-11 ৬/ক-১২2024-12-11621_010000000000000_FAI_197063146Central Library, BUET
621.01 FAI/1970 Rental ItemCentral Library, BUET  Rental section 2024-12-111985-06-11 ৬/ক-১৩2024-12-11621_010000000000000_FAI_197063147Central Library, BUET
621.01 FAI/1970 Rental ItemCentral Library, BUET  Rental section 2024-12-111985-06-11 ৬/ক-১৪2024-12-11621_010000000000000_FAI_197063148Central Library, BUET
621.01 FAI/1970 Rental ItemCentral Library, BUET  Rental section 2024-12-111985-06-11 ৬/ক-১৫2024-12-11621_010000000000000_FAI_197063149Central Library, BUET
621.01 FAI/1970 Rental ItemCentral Library, BUET  Rental section 2024-12-111985-06-11 ৬/ক-১৬2024-12-11621_010000000000000_FAI_197063150Central Library, BUET
621.01 FAI/1970 Rental ItemCentral Library, BUET  Rental section 2024-12-111985-06-11 ৬/ক-১৭2024-12-11621_010000000000000_FAI_197063151Central Library, BUET
621.01 FAI/1970 Rental ItemCentral Library, BUET  Rental section 2024-12-111985-06-11 ৬/ক-১৮2024-12-11621_010000000000000_FAI_197063152Central Library, BUET
621.01 FAI/1970 Rental ItemCentral Library, BUET  Rental section 2024-12-111985-06-11 ৬/ক-১৯2024-12-11621_010000000000000_FAI_197063153Central Library, BUET
621.01 FAI/1970 Rental ItemCentral Library, BUET  Rental section 2024-12-111985-06-11 ৬/ক-২০2024-12-11621_010000000000000_FAI_197063154Central Library, BUET